000 02277cam a2200421 a 4500
001 15283931
003 OSt
005 20160705151241.0
008 080501s2009 caua b 001 0 eng
010 _a 2008928384
015 _aGBA8A0991
_2bnb
016 7 _a101495113
_2DNLM
016 7 _a014697384
_2Uk
020 _a9781412922869
020 _a1412922860
020 _a9781412922876 (pbk.)
020 _a1412922879 (pbk.)
035 _a(OCoLC)ocn228363061
040 _aNLM
_cNLM
_dUKM
_dBTCTA
_dBAKER
_dYDXCP
_dBWKUK
_dBWK
_dBWX
_dFDA
_dDLC
042 _anlmcopyc
_alccopycat
082 _aWA 525
_bC868h 2009
100 1 _aCrinson, Iain.
_99965
245 1 0 _aHealth policy :
_ba critical perspective /
_cIain Crinson.
260 _aLos Angeles :
_bSAGE,
_c2009.
300 _aviii, 218 p. :
_bill. ;
_c25 cm.
504 _aIncludes bibliographical references (p. [199]-212) and index.
505 0 _aPt. 1, Theory and context. Studying health policy ; The role of the state : theory and practice ; The policy-making process -- Pt. 2, The healthcare system. The structure of healthcare in the UK : continuity and change ; The system of healthcare funding in the UK ; A comparative analysis of European healthcare systems : changing demands, common solutions? -- Pt. 3, Issues in healthcare provision. Governing the medical profession ; Managing the performance of the NHS ; A patient-led health service? Choice, equity and the supplier market ; Meeting long-term health and social care needs in the community -- Pt. 4, Looking to the future. Health beyond policy.
650 0 _aMedical policy
_zGreat Britain.
_92096
650 0 _aNational health services
_zGreat Britain.
_92095
650 1 2 _aHealth Policy
_zGreat Britain.
_99966
650 2 2 _aDelivery of Health Care
_xorganization & administration
_zGreat Britain.
_99967
650 2 2 _aState Medicine
_zGreat Britain.
_99968
856 4 2 _3Publisher description
_uhttp://www.loc.gov/catdir/enhancements/fy1008/2008928384-d.html
856 4 1 _3Table of contents only
_uhttp://www.loc.gov/catdir/enhancements/fy1008/2008928384-t.html
906 _a7
_bcbc
_ccopycat
_d2
_encip
_f20
_gy-gencatlg
942 _2z
_cO_SHELF
999 _c4639
_d4639